Statistics for Flags of Asia

Click here to take the quiz!

General Stats

  • This quiz has been taken 8 times
  • The average score is 14 of 16

Answer Stats

Answer% Correct
South Korea
100%
Vietnam
100%
North Korea
100%
Japan
100%
Malaysia
88%
Thailand
88%
Brunei
88%
Bangladesh
88%
Myanmar
88%
Singapore
75%
Oman
75%
Qatar
75%
Mongolia
75%
Saudi Arabia
75%
Sri Lanka
75%
Philippines
75%

Score Distribution

Percentile by Number Answered

Percent of People with Each Score

Your Score History

You have not taken this quiz